000 00266nam a22001217a 4500
008 170502b xxu||||| |||| 00| 0 eng d
041 _aeng
080 _a343
100 _a14
101 _aSHJ
245 _aFACING THE DEATH PENALTY
_cRADELET, M.L
942 _2udc
_cBK
999 _c12385
_d12385